Pakistan Statistical Pocket Book 2012 / (Record no. 588572)
[ view plain ]
| 000 -LEADER | |
|---|---|
| fixed length control field | 00390nam a22001217a 4500 |
| 082 ## - DEWEY DECIMAL CLASSIFICATION NUMBER | |
| Classification number | 315.49105 |
| Author Mark | PAK |
| 245 ## - TITLE STATEMENT | |
| Title | Pakistan Statistical Pocket Book 2012 / |
| 260 ## - PUBLICATION, DISTRIBUTION, ETC. | |
| Place of publication, distribution, etc. | Islamabad : |
| Name of publisher, distributor, etc. | Pakistan Bureau of Statistics, |
| Date of publication, distribution, etc. | 2012. |
| 300 ## - PHYSICAL DESCRIPTION | |
| Extent | 286p. ; |
| Dimensions | 16 cm. |
| 700 ## - ADDED ENTRY--PERSONAL NAME | |
| Personal name | by Government of Pakistan Statistics Division |
| 942 ## - ADDED ENTRY ELEMENTS (KOHA) | |
| Source of classification or shelving scheme | |
| Koha item type | Book |
| 700 ## - ADDED ENTRY--PERSONAL NAME | |
| -- | 90215 |
| Withdrawn status | Lost status | Source of classification or shelving scheme | Damaged status | Not for loan | Permanent Location | Current Location | Date acquired | Source of acquisition | Total Checkouts | Full call number | Barcode | Date last seen | Price effective from | Koha item type |
|---|---|---|---|---|---|---|---|---|---|---|---|---|---|---|
| Central Library (CL) | Central Library (CL) | 03/05/2022 | Donated by Student Affair NUST | 315.49105 PAK | CL-D-1516 | 03/05/2022 | 03/05/2022 | Book |
